|
|
|
|
| LEADER |
01332nam a22002417a 4500 |
| 001 |
29256 |
| 003 |
BD-DhAAL |
| 005 |
20260128110040.0 |
| 008 |
150809s1975 bg ||||| |||| 00| 0 eng d |
| 040 |
|
|
|a BD-DhAAL
|c BD-DhAAL
|
| 082 |
|
|
|a 305.42095492
|2 22
|
| 245 |
|
|
|a Base-line survey of Sulla,
|f October-November, 1975.
|
| 260 |
|
|
|a Dhaka :
|b Bangladesh Rural Advancement Committee,
|c 1975.
|
| 300 |
|
|
|a various paging ;
|c 34 cm.
|
| 541 |
|
|
|a Complimentary copy from BRAC
|e 29256
|
| 650 |
|
|
|a BRAC (Bangladesh Rural Advancement Committee).
|9 7235
|
| 710 |
|
|
|a Bangladesh Rural Advancement Committee,
|b Research and Evaluation Division.
|9 12971
|
| 852 |
|
|
|a Ayesha Abed Library
|b General Stacks
|
| 942 |
|
|
|2 ddc
|c BK
|
| 999 |
|
|
|c 35168
|d 35168
|
| 952 |
|
|
|0 0
|1 4
|2 ddc
|4 0
|6 305_420954920000000_BAS
|7 0
|8 RPT
|9 55138
|a BRACUL
|b BRACUL
|d 2015-08-09
|l 0
|o 305.42095492 BAS
|p 3010029256
|r 2015-08-09
|t 1
|w 2015-08-09
|y BK
|x Koha Inventory 2020
|
| 952 |
|
|
|0 0
|1 4
|2 ddc
|4 0
|6 305_420954920000000_BAS
|7 0
|8 RPT
|9 55140
|a BRACUL
|b BRACUL
|d 2015-08-09
|l 0
|o 305.42095492 BAS
|p 3010029617
|r 2015-08-09
|t 2
|w 2015-08-09
|y BK
|x Koha Inventory 2020
|
| 952 |
|
|
|0 0
|1 0
|2 ddc
|4 0
|6 305_420954920000000_BAS
|7 1
|8 RPT
|9 55168
|a BRACUL
|b BRACUL
|c BRS
|d 2015-08-11
|e Complimentary copy from BRAC
|l 1
|o 305.42095492 BAS
|p 3010029255
|r 2025-12-30
|s 2025-03-23
|t 3
|w 2015-08-11
|y BK
|x BRAC ; price not available in register
|